Introduction to the theory of integration /

Guardado en:
Autor Principal: Hildebrandt, T. H.
Formato: Libro
Idioma:English
Publicado: New York : Academic Press, 1963.
Series:Pure and applied mathematics ; v. 13
Etiquetas: Agregar Etiqueta
Sin Etiquetas, Sea el primero en etiquetar este registro!
LEADER 00500nam a22001575a 4500
001 MAT.inmabb001367
008 031124s1963####nyu###########000#0#eng#d
005 20170815153530.0
245 1 0 |a Introduction to the theory of integration /  |c T. H. Hildebrandt. 
260 |a New York :  |b Academic Press,  |c 1963. 
300 |a ix, 385 p. ;  |c 24 cm. 
440 0 |a Pure and applied mathematics ;  |v v. 13 
510 4 |a MR,  |c 27 #4900 
100 1 |a Hildebrandt, T. H. 
084 |a 28.00  |2 MR 
859 |h 28  |i H642  |p A-1610  |b BIB. MATEMATICA